00611nam a2200133Ia 4500008004100000020001800041100008600059245014800145260002700293650001200320856005300332999001900385952007300404171212s9999 xx 000 0 und d a9780833087751 aRobinson, Linda;Miller, Paul D.;Gordon, John IV;Decker, Jeffrey;Schwille, Michael cRobinson, Linda;Miller, Paul D.;Gordon, John IV;Decker, Jeffrey;Schwille, MichaelaImproving Strategic CompetencebLessons from 13 Years of War bRAND Corporationc2014 aHistory uhttp://www.jstor.org/stable/10.7249/j.ctt14bs3nh c352202d352202 001040aCLbCLd2017-12-12l0r2017-12-12 00:00:00w2017-12-12yCBE